| 000 | 00629nam a2200241 a 4500 | ||
|---|---|---|---|
| 005 | 20210219152910.0 | ||
| 008 | 991125n 000 0 eng u | ||
| 035 | _aUPN01000066218 | ||
| 100 | _aOvard, Glen F. | ||
| 222 | _aEXECUTIVE EDUCATOR | ||
| 245 | _aBlueprint for growth | ||
| 300 | _a32-34 | ||
| 362 | _a1991 13, No. 12 | ||
| 505 | _aAbril, 1992 | ||
| 653 | 0 | _aDEMOGRAFIA ESCOLAR | |
| 653 | 0 | _aPLAN MAESTRO | |
| 653 | 0 | _aPLANIFICACION DE FACILIDADES EDUCATIVAS | |
| 653 | 0 | _aPROYECCIONES AISLADAS | |
| 700 | _aKirshenstein, Joel | ||
| 700 | _aLee, Kelvin K. | ||
| 904 |
_aAC _b004029 |
||
| 905 | _aArticulo | ||
| 999 |
_c63369 _d63369 |
||